000 02670cam a2200325 ia4500
003 SA-RiAUC
005 20250418145842.0
008 250317s1972 ua g 000 e ara c
024 0 _a00000000981748
040 _aSA-MuMU
_bara
_cSA-RiAUC
_dِAE-DuMBRL
_erda
050 4 _bA63 1972
082 0 4 _a814.962
_qSA-RiAUC
090 _a814.962
_b ش ا ك
100 1 _aشاكر، محمود محمد،
_d1909-1997
_eمؤلف.
245 1 0 _aأباطيل وأسمار /
_cمحمود محمد شاكر.
250 _aالطبعة الثانية.
264 1 _a[مكان النشر غير محدد] :
_b[الناشر غير محدد]،
_c1972.
264 3 _aالقاهرة ؛
_aالرياض :
_bمطبعة المدني
300 _a2 مجلدفي مجلد 1 ؛
_c24 سم
336 _aنص
_btxt
_2rdacontent
_3كتاب
337 _aبدون وسيط
_bn
_2rdamedia
338 _aمجلد
_bnc
_2rdacarrier
500 _a2 مجلد ببليوجرافي في 1 مجلد مادي.
520 _aيتناول كتاب (أباطيل وأسمار) والذي قام بتأليفه محمود محمد شاكر، موضوع (مقالات أدبية) هذا الكتاب يضم مجموعة رسائل كتبها صاحبها المؤلف في ستينيات القرن العشرين، وقد كانت جميعها في إظهار الحق وإجلائه متشابهة. فقد آل فيها على نفسه أن يوضح ما وضح له، وأن يبين ما تبين له من الغى في دروب الفكر والثقافة والأدب.. فصوب قلمه كي يرد بالحجة والبيان على من شرعوا في تصويب سهامهم للحضارة الإسلامية وتراثها. فهو في كتابه لم يجنح إلى التجريح وإنما قام بمقارعة الحجة بالحجة.. فقدم لنا رسائل مليئة بالثقافة والتاريخ والأدب والدين والسياسة تتداخل جميعها وتمتزج معا؛ لتقدم لنا تفنيدا لأباطيل ساقتها بعض الأقلام التى لاقت تقديرا كبيرا في الأمة العربية، التى شرعت في إيذاء تاريخها.. وتتنوع هذه الشخصيات بين كتاب وسياسيين وأدباء وغيرهم".
650 7 _aالأدب العربي
_zمصر
_yقرن 20
_vمقالات ومحاضرات
_2aucsh
650 7 _aالأدب العربي
_vمقالات ومحاضرات
_2aucsh
942 _2ddc
_cBOOK
_n0
949 _aSA-JeALM
_d250317
_umohamedma123
_n1
999 _c7184
_d7184